| 000 | 00618nam a2200193 a 4500 | ||
|---|---|---|---|
| 005 | 20250116063815.0 | ||
| 008 | 991125 1971 sui 000 0 fre u | ||
| 035 | _aUPN01000012184 | ||
| 049 | _aCG | ||
| 050 | 4 |
_aLA692 _bD6.2 |
|
| 100 | 1 |
_aDottrens, Robert Alexandre, _d1893-1984 _929975 |
|
| 245 | 1 | 3 |
_aLa crise de l'education et sus remedes / _cRobert Dottrens. |
| 260 |
_aSuisse : _bDelachaux of Niestté, _c1971. |
||
| 300 | _a170 p. | ||
| 440 | 0 | _aActualités pedagógiques et psychologiques | |
| 650 | 4 |
_aEducación _zFrancia _911558 |
|
| 650 | 4 |
_aEducación _xAspectos sociales _zFrancia _914755 |
|
| 905 | _aLibro | ||
| 999 |
_c12184 _d12184 |
||